• 首页
  • 本馆介绍
  • 公告通知
  • 最新文献
  • 馆藏检索
  • 电子资源
  • 读者导购
  • 参考咨询
  • 我的图书馆
  • 登录
  • 详细信息显示
  • 放入我的书架
  • 预约/预借图书
  • 作者相关作品
  • 分类相关作品
  • 丛书相关作品
  • 出版社相关作品

书目信息

  • 表格格式
  • 工作单格式
  • 卡片格式
题名:
灭鼠方法
    
 
作者: ;人民卫生出版社预防医学编辑室 编写
分册:  
出版信息: 北京   人民卫生出版社  1982
页数: 26页
开本: 19cm
丛书名:
单 册:
中图分类: R184.35
科图分类:
主题词: 灭鼠--方法
电子资源:
ISBN:
000 00663nam0 2200229 45
001 0182005433
005 20060801111226.65
010    @dCNY0.10
091    @a14048.4218
100    @a19950323d1982 em y0chiy0121 ea
101 0  @achi
102    @aCN@b110000
105    @ay z 000yy
200 10 @a灭鼠方法@Amie shu fang fa@f人民卫生出版社预防医学编辑室编写
210    @a北京@c人民卫生出版社@d1982
215    @a26页@d19cm
606    @a灭鼠@x方法
690    @aR184.35@v3
711 02 @a人民卫生出版社预防医学编辑室@Aren min wei sheng chu ban she yu fang yi xue bian ji shi@4编写
801  2 @aCN@bNLC@c20060801
801  0 @aCN@bTSSF
905    @a10447@dR184.35@e83
    
    灭鼠方法/人民卫生出版社预防医学编辑室编写.-北京:人民卫生出版社,1982
    26页;19cm
    
    
    ISBN :CNY0.10
    
●
相关链接 在E读中查询图书 在五车中查询图书 在当当中查询图书 在豆瓣中查询图书


正题名:灭鼠方法     索取号:R184.35/83         预约/预借

序号 登录号 条形码 馆藏地/架位号 状态 备注
1 0439291   204392914   密集书库/ [索取号:R184.35/83] 在馆    
2 0439315   204393156   密集书库/ [索取号:R184.35/83] 在馆    
唐山师范学院图书馆 欢迎您!
大连网信软件有限公司© 版权所有